000 00398nam a2200169Ia 4500
005 20240604000802.0
008 240331s9999 xx 000 0 und d
020 _a8185107475
082 _bKAL
_a362
100 _aKali for women
245 0 _aDomestic violence
250 _a1 st
260 _aNew Delhi
_bKali for Women
_c1992
300 _a75 p.,
650 _aDomestic Violence
942 _cL
999 _c1313
_d1313